[Event "Mittelrhein Verbandsliga-S 18/19"]
[Site "Nordrheinwestfalen"]
[Date "2019.01.20"]
[Round "6.1"]
[White "Leontiev, Oleg"]
[Black "Radic, Tomislav"]
[Result "1-0"]
[WhiteElo "1985"]
[BlackElo "2001"]
[PlyCount "117"]
[EventDate "2018.09.02"]
[EventType "team-tourn"]
[EventRounds "11"]
[EventCountry "GER"]
[SourceTitle "EXT 2022"]
[Source "ChessBase"]
[SourceDate "2021.10.06"]
[SourceVersion "1"]
[SourceVersionDate "2021.10.06"]
[SourceQuality "1"]
[WhiteTeam "St Augustin Turm"]
[BlackTeam "Bergische SF II"]
[WhiteTeamCountry "GER"]
[BlackTeamCountry "GER"]

1. d4 d5 2. Nf3 Nf6 3. e3 e6 4. Bd3 Bd6 5. b3 0-0 6. 0-0 Nbd7 7. Bb2 c6 8. Nbd2 Qe7 9. Ne5 Bc7 10. f4 Nxe5 11. fxe5 Nd7 12. Qh5 g6 13. Qh6 f6 14. exf6 Nxf6 15. e4 Ng4 16. Rxf8+ Qxf8 17. Qxf8+ Kxf8 18. Rf1+ Kg7 19. e5 Bd7 20. h3 Nh6 21. Ba3 Re8 22. g4 Bd8 23. Nf3 Nf7 24. h4 h6 25. Kg2 Bc8 26. Kh3 Bd7 27. Ne1 Bc8 28. Ng2 Nh8 29. Nf4 Be7 30. Bxe7 Rxe7 31. Kg3 Rf7 32. c4 dxc4 33. Bxc4 Re7 34. b4 Bd7 35. Nd3 Rf7 36. Nf4 Re7 37. g5 Nf7 38. Kg4 h5+ 39. Kg3 Nd8 40. Nd3 b6 41. Rf6 Rf7 42. Kf3 Re7 43. Nf4 Be8 44. Bd3 c5 45. Bxg6 Bc6+ 46. Be4 cxd4 47. Nxh5+ Kg8 48. Rg6+ Kf8 49. Nf6 Rg7 50. Rh6 Nf7 51. Bxc6 Nxh6 52. gxh6 Rg1 53. h7 Kg7 54. Be4 Rc1 55. Ne8+ Kh8 56. Nd6 Kg7 57. Kf2 d3 58. Bxd3 Rh1 59. Nf7 1-0

[Event "Mittelrhein Verbandsliga-O 16/17"]
[Site "Nordrheinwestfalen"]
[Date "2017.04.09"]
[Round "10.4"]
[White "Kessler, Ulrich"]
[Black "Leontiev, Oleg"]
[Result "0-1"]
[WhiteElo "1942"]
[BlackElo "1982"]
[PlyCount "76"]
[EventDate "2016.09.11"]
[EventType "team-tourn"]
[EventRounds "11"]
[EventCountry "GER"]
[SourceTitle "EXT 2022"]
[Source "ChessBase"]
[SourceDate "2021.10.06"]
[SourceVersion "1"]
[SourceVersionDate "2021.10.06"]
[SourceQuality "1"]
[WhiteTeam "Troisdorf"]
[BlackTeam "St Augustin Turm"]
[WhiteTeamCountry "GER"]
[BlackTeamCountry "GER"]

1. Nf3 d5 2. g3 Nf6 3. Bg2 c6 4. c4 e6 5. b3 Nbd7 6. Bb2 Be7 7. 0-0 0-0 8. Nc3 b6 9. cxd5 cxd5 10. Rc1 Ba6 11. d3 Rc8 12. Qd2 b5 13. Qf4 Nc5 14. b4 Nb7 15. a3 Nd6 16. Rfd1 Qb6 17. Ne5 Rfd8 18. g4 Nd7 19. Nxd5 exd5 20. Bxd5 Nxe5 21. Bxe5 Rf8 22. h4 Ne8 23. Rxc8 Bxc8 24. Rc1 Bd7 25. Bd4 Qg6 26. g5 Bd6 27. Qf3 a6 28. Be4 Qe6 29. Bd5 Qe7 30. e4 Nc7 31. Bb3 Ne6 32. Be3 Be5 33. Qd1 Bd4 34. Bxe6 Bxe3 35. Bxf7+ Qxf7 36. fxe3 Qf2+ 37. Kh1 Bh3 38. Qg1 Qxh4 0-1

[Event "Mittelrhein Verbandsliga-O 16/17"]
[Site "Nordrheinwestfalen"]
[Date "2016.12.18"]
[Round "5"]
[White "Lommen, Frank"]
[Black "Leontiev, Oleg"]
[Result "1/2-1/2"]
[WhiteElo "2032"]
[BlackElo "2005"]
[PlyCount "35"]
[EventDate "2016.09.11"]
[EventType "team-tourn"]
[EventRounds "11"]
[EventCountry "GER"]
[SourceTitle "EXT 2022"]
[Source "ChessBase"]
[SourceDate "2021.10.06"]
[SourceVersion "1"]
[SourceVersionDate "2021.10.06"]
[SourceQuality "1"]
[WhiteTeam "Koeln Lasker II"]
[BlackTeam "St Augustin Turm"]
[WhiteTeamCountry "GER"]
[BlackTeamCountry "GER"]

1. e4 e6 2. Qe2 c5 3. g3 Nc6 4. Bg2 Nd4 5. Qd1 d5 6. d3 g6 7. Nc3 Ne7 8. Bg5 Bg7 9. exd5 f6 10. d6 Nef5 11. Bd2 Nxd6 12. Nh3 0-0 13. 0-0 e5 14. f4 Nf7 15. Ne4 Qb6 16. b3 Bd7 17. Be3 f5 18. Nd2 1/2-1/2

[Event "Mittelrhein Verbandsliga-O 16/17"]
[Site "Nordrheinwestfalen"]
[Date "2016.10.23"]
[Round "3"]
[White "Leontiev, Oleg"]
[Black "Guelsen, Taylan"]
[Result "1-0"]
[WhiteElo "1987"]
[BlackElo "2021"]
[PlyCount "105"]
[EventDate "2016.09.11"]
[EventType "team-tourn"]
[EventRounds "11"]
[EventCountry "GER"]
[SourceTitle "EXT 2022"]
[Source "ChessBase"]
[SourceDate "2021.10.06"]
[SourceVersion "1"]
[SourceVersionDate "2021.10.06"]
[SourceQuality "1"]
[WhiteTeam "St Augustin Turm"]
[BlackTeam "Niederkassel II"]
[WhiteTeamCountry "GER"]
[BlackTeamCountry "GER"]

1. d4 Nf6 2. c4 e6 3. Nc3 Bb4 4. Nf3 0-0 5. Bg5 d5 6. e3 h6 7. Bh4 b6 8. Qb3 c5 9. cxd5 Qxd5 10. Bc4 Qf5 11. 0-0 Bb7 12. Be2 Nbd7 13. Rad1 Bxc3 14. bxc3 Ne4 15. a4 g5 16. Bg3 Nxg3 17. hxg3 Be4 18. Qb5 Rfd8 19. Bd3 Bxd3 20. Qxd3 Qxd3 21. Rxd3 g4 22. Nh2 h5 23. f3 Ne5 24. Rdd1 Nc4 25. Rfe1 cxd4 26. cxd4 gxf3 27. gxf3 Rac8 28. Rb1 Nd6 29. Rec1 f5 30. Nf1 Kf7 31. Nd2 Rh8 32. e4 h4 33. e5 Nb7 34. gxh4 Na5 35. Kf2 Ke7 36. Ke3 Nc6 37. Rh1 Rcd8 38. Nb3 Nb4 39. Rbg1 Kf7 40. h5 Nd5+ 41. Kf2 Nf4 42. h6 Rdg8 43. Rxg8 Rxg8 44. Ke3 Nd5+ 45. Kd3 Rh8 46. Kc4 a6 47. a5 Rc8+ 48. Kd3 Rc3+ 49. Kd2 Kg8 50. Rb1 bxa5 51. Nc5 Kh7 52. Nxe6 Rxf3 53. Ng5+ 1-0

[Event "Eschborn op"]
[Site "Eschborn"]
[Date "2016.09.04"]
[Round "5"]
[White "Keller, Peter1111"]
[Black "Leontiev, Oleg"]
[Result "1-0"]
[WhiteElo "2209"]
[BlackElo "1971"]
[PlyCount "49"]
[EventDate "2016.09.02"]
[EventType "swiss"]
[EventRounds "5"]
[EventCountry "GER"]
[SourceTitle "EXT 2018"]
[Source "ChessBase"]
[SourceDate "2017.10.13"]
[SourceVersion "1"]
[SourceVersionDate "2017.10.13"]
[SourceQuality "1"]

1. e4 e6 2. d4 d5 3. Nd2 dxe4 4. Nxe4 Nf6 5. Bd3 Nbd7 6. Nf3 Nxe4 7. Bxe4 Nf6 8. Bg5 Be7 9. Bxf6 Bxf6 10. Qd3 h6 11. 0-0-0 0-0 12. h4 Qd6 13. Kb1 e5 14. dxe5 Bxe5 15. Qe2 Qe6 16. Nxe5 Re8 17. f4 c6 18. Bd3 Qf6 19. Qe4 g6 20. h5 Bf5 21. Qf3 Kg7 22. hxg6 fxg6 23. Bxf5 Qxf5 24. Rd7+ Kg8 25. Qb3+ 1-0

[Event "Eschborn op"]
[Site "Eschborn"]
[Date "2016.09.03"]
[Round "2"]
[White "Leontiev, Oleg"]
[Black "Ebeling, Gereon"]
[Result "1-0"]
[WhiteElo "1971"]
[BlackElo "1033"]
[PlyCount "85"]
[EventDate "2016.09.02"]
[EventType "swiss"]
[EventRounds "5"]
[EventCountry "GER"]
[SourceTitle "EXT 2018"]
[Source "ChessBase"]
[SourceDate "2017.10.13"]
[SourceVersion "1"]
[SourceVersionDate "2017.10.13"]
[SourceQuality "1"]

1. d4 d5 2. Nf3 Nf6 3. c4 c6 4. Nc3 Bg4 5. cxd5 cxd5 6. Ne5 Bh5 7. Qa4+ Nbd7 8. Bg5 h6 9. Bxf6 exf6 10. Nd3 Bd6 11. e3 0-0 12. Nxd5 Nb6 13. Nxb6 Qxb6 14. Be2 Bg6 15. 0-0 Rfc8 16. Rac1 Bxd3 17. Bxd3 Rxc1 18. Rxc1 Qxb2 19. Rb1 Qd2 20. Be4 Rc8 21. g3 Rc1+ 22. Rxc1 Qxc1+ 23. Kg2 Qc8 24. Qxa7 b5 25. Bd5 Qe8 26. Qb6 Qb8 27. Qc6 b4 28. Qd7 Qf8 29. Bxf7+ Qxf7 30. Qxd6 Qxa2 31. Qxb4 Qd5+ 32. Kg1 Qf3 33. Qb3+ Kh7 34. Qd3+ Kg8 35. d5 Kf8 36. Qa3+ Kf7 37. Qa7+ Kg6 38. Qd4 Kf7 39. e4 Qb3 40. Kg2 Ke7 41. Qc5+ Kf7 42. Qc7+ Kf8 43. Qd8+ 1-0

[Event "Maastricht Limburg op-B 9th"]
[Site "Maastricht"]
[Date "2015.05.25"]
[Round "7"]
[White "Blijlevens, Pim"]
[Black "Leontiev, Oleg"]
[Result "1/2-1/2"]
[WhiteElo "1943"]
[BlackElo "1929"]
[PlyCount "59"]
[EventDate "2015.05.22"]
[EventType "swiss"]
[EventRounds "7"]
[EventCountry "NED"]
[SourceTitle "EXT 2016"]
[Source "ChessBase"]
[SourceDate "2015.10.08"]
[SourceVersion "1"]
[SourceVersionDate "2015.10.08"]
[SourceQuality "1"]

1. d4 d5 2. c4 c6 3. Nf3 Nf6 4. Nc3 e6 5. cxd5 exd5 6. Bg5 Be7 7. e3 Bg4 8. Bd3 h6 9. Bxf6 Bxf6 10. h3 Be6 11. Qc2 0-0 12. g4 Nd7 13. 0-0-0 c5 14. Rdg1 cxd4 15. exd4 Re8 16. h4 Qb6 17. g5 hxg5 18. hxg5 Bxd4 19. Nxd4 Qxd4 20. Qd2 Qb4 21. Rg2 Rac8 22. Rgh2 Kf8 23. Bc2 Qc5 24. f4 d4 25. Ne2 d3 26. Qxd3 Bf5 27. Rh8+ Ke7 28. Rxe8+ Kxe8 29. Qc3 Qxc3 30. Nxc3 1/2-1/2

[Event "Maastricht Limburg op-B 9th"]
[Site "Maastricht"]
[Date "2015.05.23"]
[Round "3"]
[White "Valstar, Jasper"]
[Black "Leontiev, Oleg"]
[Result "0-1"]
[WhiteElo "1912"]
[BlackElo "1929"]
[PlyCount "82"]
[EventDate "2015.05.22"]
[EventType "swiss"]
[EventRounds "7"]
[EventCountry "NED"]
[SourceTitle "EXT 2016"]
[Source "ChessBase"]
[SourceDate "2015.10.08"]
[SourceVersion "1"]
[SourceVersionDate "2015.10.08"]
[SourceQuality "1"]

1. e4 e6 2. d3 d5 3. Qe2 Be7 4. Nf3 c5 5. g3 Nc6 6. Bg2 dxe4 7. dxe4 e5 8. c3 Nf6 9. 0-0 0-0 10. Nbd2 Qc7 11. Nc4 h6 12. Ne3 Be6 13. Qc2 c4 14. b3 cxb3 15. axb3 Rfc8 16. c4 Nb4 17. Qb1 b5 18. Bb2 Nd7 19. Ba3 bxc4 20. Nxc4 f6 21. Rc1 Qb7 22. Bxb4 Bxb4 23. Bf1 Rab8 24. Na5 Rxc1 25. Qxc1 Qxe4 26. Bg2 Bxa5 27. Rxa5 Qb4 28. Rxa7 Qxb3 29. Nd2 Qb2 30. Qc6 Nc5 31. Qc7 Nd7 32. Qd6 Rb6 33. Ra8+ Kh7 34. Qd3+ f5 35. Bh3 Qc1+ 36. Kg2 Qc6+ 37. Qf3 Qxf3+ 38. Nxf3 Kg6 39. Nh4+ Kf6 40. Kf1 g5 41. Rh8 Kg7 0-1

[Event "Maastricht Limburg op-B 9th"]
[Site "Maastricht"]
[Date "2015.05.22"]
[Round "1"]
[White "Perdomo Araujo, Angel Eduardo"]
[Black "Leontiev, Oleg"]
[Result "0-1"]
[WhiteElo "1979"]
[BlackElo "1929"]
[PlyCount "122"]
[EventDate "2015.05.22"]
[EventType "swiss"]
[EventRounds "7"]
[EventCountry "NED"]
[SourceTitle "EXT 2016"]
[Source "ChessBase"]
[SourceDate "2015.10.08"]
[SourceVersion "1"]
[SourceVersionDate "2015.10.08"]
[SourceQuality "1"]

1. e4 e6 2. d4 d5 3. Bd3 dxe4 4. Bxe4 Nf6 5. Bd3 c5 6. Nf3 cxd4 7. Nxd4 Bc5 8. Nb3 Bb6 9. 0-0 0-0 10. Nc3 Bd7 11. Bg5 Bc6 12. Qe2 Nbd7 13. Ne4 Qe7 14. Qf3 Rfd8 15. Nxf6+ Nxf6 16. Qg3 Rd7 17. Bh6 Qf8 18. Rae1 Bc7 19. Qh4 Bd8 20. Bg5 h6 21. Bc1 Nd5 22. Qg4 Kh8 23. a3 Qd6 24. Qh3 Nf4 25. Bxf4 Qxf4 26. Re3 Bf6 27. c3 Rad8 28. Bc2 b6 29. Qh5 Qg5 30. Qxg5 Bxg5 31. f4 Bf6 32. Kf2 a5 33. Be4 Ba4 34. Bc2 Bb5 35. Rc1 a4 36. Nd4 Bxd4 37. cxd4 Rxd4 38. f5 Rd2+ 39. Kg3 Rc8 40. Rc3 Rxc3+ 41. bxc3 Bc6 42. fxe6 Rxg2+ 43. Kh3 fxe6 44. Bxa4 Bd5 45. c4 Ra2 46. Bd7 Rxa3+ 47. Kh4 Bf3 48. Bb5 g5+ 49. Kg3 Bc6+ 50. Kf2 Bxb5 51. cxb5 Rb3 52. Rc6 Rxb5 53. Rxe6 Kg7 54. Kg3 Rb4 55. Rc6 b5 56. Rb6 h5 57. h3 Rb3+ 58. Kg2 b4 59. Kh2 h4 60. Kg2 Rg3+ 61. Kh2 b3 0-1

[Event "Mittelrhein Verbandsliga Ost 1415"]
[Site "Mittelrhein"]
[Date "2014.11.09"]
[Round "4.5"]
[White "Krebs, Dietmar"]
[Black "Leontiev, Oleg"]
[Result "1/2-1/2"]
[WhiteElo "1912"]
[BlackElo "1875"]
[PlyCount "102"]
[EventDate "2014.09.07"]
[EventType "team-tourn"]
[EventRounds "11"]
[EventCountry "GER"]
[SourceTitle "EXT 2023"]
[Source "ChessBase"]
[SourceDate "2022.10.05"]
[SourceVersion "1"]
[SourceVersionDate "2022.10.05"]
[SourceQuality "1"]
[WhiteTeam "Koeln Lasker II"]
[BlackTeam "Troisdorf"]
[WhiteTeamCountry "GER"]
[BlackTeamCountry "GER"]

1. e4 e6 2. d4 d5 3. Nd2 Be7 4. c3 c5 5. Bd3 Nc6 6. Ne2 Qb6 7. Nf3 dxe4 8. Bxe4 Nf6 9. Bc2 0-0 10. 0-0 Rd8 11. Qe1 Bd7 12. dxc5 Bxc5 13. Ng3 Ne7 14. Ne5 Ned5 15. Ne4 Be7 16. Nxf6+ Nxf6 17. Qe2 Bc6 18. Re1 Qc7 19. Bg5 Rac8 20. Rad1 Bd5 21. Bb3 Bxb3 22. axb3 Rxd1 23. Rxd1 Rd8 24. Rxd8+ Qxd8 25. h3 Qd5 26. b4 h6 27. Bh4 Kf8 28. f3 Bd8 29. Bf2 Bc7 30. Bd4 a6 31. Qc4 Qxc4 32. Nxc4 Nd7 33. Kf2 b5 34. Nd2 f5 35. Ke2 Kf7 36. Nb3 e5 37. Bf2 Ke6 38. Nc5+ Nxc5 39. Bxc5 g5 40. b3 Kd5 41. Kd3 e4+ 42. fxe4+ fxe4+ 43. Ke3 Bf4+ 44. Ke2 Be5 45. Kd2 h5 46. Be7 Bf4+ 47. Ke2 g4 48. hxg4 hxg4 49. Bh4 Bc1 50. Bf2 Bg5 51. Bb6 Bf6 1/2-1/2

[Event "Troisdorf op"]
[Site "Troisdorf"]
[Date "2014.10.21"]
[Round "1"]
[White "Bonus, Christian"]
[Black "Leontiev, Oleg"]
[Result "0-1"]
[WhiteElo "1467"]
[BlackElo "1900"]
[PlyCount "68"]
[EventDate "2014.10.21"]
[EventType "swiss"]
[EventRounds "7"]
[EventCountry "GER"]
[SourceTitle "EXT 2016"]
[Source "ChessBase"]
[SourceDate "2015.10.08"]
[SourceVersion "1"]
[SourceVersionDate "2015.10.08"]
[SourceQuality "1"]

1. d4 d5 2. h3 Nf6 3. Bf4 c5 4. e3 Bf5 5. g4 Be4 6. f3 Bg6 7. Nc3 e6 8. Nb5 Na6 9. c3 Be7 10. Bd3 Bxd3 11. Qxd3 0-0 12. Be5 Nd7 13. 0-0-0 Nxe5 14. dxe5 Qb6 15. c4 dxc4 16. Qxc4 Rfd8 17. Ne2 Nb4 18. a3 Nd5 19. Rd3 a6 20. Nbc3 Qc6 21. Nxd5 exd5 22. Qf4 b5 23. Rc3 Qb6 24. h4 b4 25. Rc2 bxa3 26. bxa3 Rab8 27. Kd2 d4 28. exd4 cxd4 29. Nc1 d3 30. Nxd3 Qf2+ 31. Kd1 Rxd3+ 32. Rd2 Rxd2+ 33. Qxd2 Qxd2+ 34. Kxd2 Rd8+ 0-1

[Event "Mittelrhein Verbandsliga Ost 1415"]
[Site "Mittelrhein"]
[Date "2014.09.07"]
[Round "1.5"]
[White "Leontiev, Oleg"]
[Black "Hack, Thomas1111"]
[Result "1-0"]
[WhiteElo "1875"]
[BlackElo "1920"]
[PlyCount "97"]
[EventDate "2014.09.07"]
[EventType "team-tourn"]
[EventRounds "11"]
[EventCountry "GER"]
[SourceTitle "EXT 2023"]
[Source "ChessBase"]
[SourceDate "2022.10.05"]
[SourceVersion "1"]
[SourceVersionDate "2022.10.05"]
[SourceQuality "1"]
[WhiteTeam "Troisdorf"]
[BlackTeam "Euskirchen Turm"]
[WhiteTeamCountry "GER"]
[BlackTeamCountry "GER"]

1. d4 Nf6 2. Nf3 e6 3. e3 d5 4. Bd3 Bd6 5. 0-0 0-0 6. b3 c5 7. Bb2 Nc6 8. Nbd2 b6 9. a3 Bb7 10. Ne5 Rc8 11. Qe2 Nd7 12. f4 f5 13. Rf3 Nf6 14. Rh3 g6 15. Ndf3 Rc7 16. Ng5 Qe8 17. Rf1 Ne4 18. Ngf3 Nxe5 19. Nxe5 cxd4 20. exd4 Bxe5 21. fxe5 Bc6 22. a4 Qe7 23. Qe1 Be8 24. c4 Bc6 25. Qc1 Rfc8 26. Ba3 Qd7 27. Bxe4 dxe4 28. Bd6 Rb7 29. Qg5 Qg7 30. g4 Rf7 31. Qe3 fxg4 32. Rxf7 Qxf7 33. Rg3 Qf5 34. Qd2 e3 35. Rxe3 Qb1+ 36. Kf2 Qh1 37. Kg3 Qg1+ 38. Kh4 Bf3 39. Re1 Qg2 40. Qxg2 Bxg2 41. Kxg4 Rd8 42. Re2 Bc6 43. Rf2 Be4 44. b4 Rc8 45. c5 Bd5 46. Rf1 Bb3 47. Ra1 Kf7 48. b5 Bc4 49. a5 1-0

[Event "Cologne Longerich op-A 11th"]
[Site "Cologne"]
[Date "2014.08.02"]
[Round "2"]
[White "Leontiev, Oleg"]
[Black "Meyer, Stefan2222"]
[Result "1-0"]
[WhiteElo "1900"]
[BlackElo "1740"]
[PlyCount "71"]
[EventDate "2014.08.01"]
[EventType "swiss"]
[EventRounds "5"]
[EventCountry "GER"]
[SourceTitle "EXT 2022"]
[Source "ChessBase"]
[SourceDate "2021.10.06"]
[SourceVersion "1"]
[SourceVersionDate "2021.10.06"]
[SourceQuality "1"]

1. d4 Nf6 2. Nf3 d5 3. e3 e6 4. Bd3 Nbd7 5. 0-0 Bd6 6. b3 0-0 7. Bb2 c6 8. Nbd2 Re8 9. Ne5 Be7 10. f4 c5 11. Qf3 Nf8 12. g4 N6d7 13. Qh3 Nxe5 14. fxe5 Bd7 15. Rf2 Ng6 16. Raf1 Rf8 17. Nf3 Qc7 18. Qh5 a6 19. Ng5 Bxg5 20. Qxg5 Bb5 21. c4 dxc4 22. bxc4 Bd7 23. Ba3 b6 24. h4 f6 25. Qh5 Be8 26. dxc5 Qxe5 27. Qxe5 Nxe5 28. Be4 Rb8 29. cxb6 Rf7 30. c5 Nxg4 31. Rb2 Nxe3 32. Rc1 f5 33. c6 fxe4 34. c7 Rc8 35. b7 Rfxc7 36. Rxc7 1-0

[Event "Cologne Longerich op-A 11th"]
[Site "Cologne"]
[Date "2014.08.02"]
[Round "3"]
[White "Lindam, Ingo"]
[Black "Leontiev, Oleg"]
[Result "1-0"]
[WhiteElo "2076"]
[BlackElo "1900"]
[PlyCount "143"]
[EventDate "2014.08.01"]
[EventType "swiss"]
[EventRounds "5"]
[EventCountry "GER"]
[SourceTitle "EXT 2022"]
[Source "ChessBase"]
[SourceDate "2021.10.06"]
[SourceVersion "1"]
[SourceVersionDate "2021.10.06"]
[SourceQuality "1"]

1. d4 d5 2. Nf3 Nf6 3. Bf4 c5 4. e3 Nc6 5. Nbd2 Bg4 6. c3 e6 7. Bd3 Be7 8. 0-0 0-0 9. Qb1 h6 10. h3 Bxf3 11. Nxf3 Rc8 12. Rd1 cxd4 13. exd4 Na5 14. Qc1 Nc4 15. Rb1 Re8 16. Re1 Bf8 17. g4 Nh7 18. h4 Nf6 19. g5 Nh5 20. Bh2 hxg5 21. Nxg5 g6 22. Qc2 Qf6 23. Be5 Nxe5 24. dxe5 Qg7 25. Qd2 Bc5 26. Nf3 Red8 27. Kh1 Bf8 28. Rg1 Qh6 29. Rg5 Kh8 30. Rbg1 Be7 31. R5g4 Qxd2 32. Nxd2 Rg8 33. Nf3 Rg7 34. Kg2 a6 35. Kf1 b5 36. Ke2 Rb8 37. a3 a5 38. Nd4 Bc5 39. Nc6 Ra8 40. Bxb5 Rgg8 41. a4 Kh7 42. Nd4 Ng7 43. Nf3 Rh8 44. Ng5+ Kg8 45. Nf3 Nf5 46. Rh1 Kf8 47. b4 Bb6 48. Bd3 Rc8 49. bxa5 Bxa5 50. c4 Ne7 51. Rb1 Bc3 52. Rb3 Ba5 53. Rb7 Bc7 54. cxd5 Nxd5 55. Rc4 Kg7 56. Ng5 Rhd8 57. a5 Bxa5 58. Nxe6+ Kg8 59. Nxd8 Rxd8 60. Rb3 Bc7 61. f4 Ba5 62. Kf3 Be1 63. h5 gxh5 64. Be4 Ne7 65. Rb7 Kf8 66. Rcc7 Bh4 67. f5 f6 68. Rxe7 fxe5 69. Rf7+ Kg8 70. Rg7+ Kf8 71. Rbf7+ Ke8 72. Bc6+ 1-0

[Event "Gelsenkirchen Silvester op 1st"]
[Site "Gelsenkirchen"]
[Date "2013.12.29"]
[Round "5"]
[White "Leontiev, Oleg"]
[Black "Christen, Stefan"]
[Result "1-0"]
[WhiteElo "1898"]
[BlackElo "1837"]
[PlyCount "63"]
[EventDate "2013.12.27"]
[EventType "swiss"]
[EventRounds "5"]
[EventCountry "GER"]
[SourceTitle "EXT 2019"]
[Source "ChessBase"]
[SourceDate "2018.10.10"]
[SourceVersion "1"]
[SourceVersionDate "2018.10.10"]
[SourceQuality "1"]

1. d4 Nf6 2. Nf3 e6 3. e3 b6 4. Nbd2 c5 5. b3 Qc7 6. Bb2 Be7 7. Bd3 Bb7 8. 0-0 d6 9. Qe2 a6 10. c4 Nbd7 11. Rad1 cxd4 12. exd4 d5 13. Ne5 Nxe5 14. dxe5 Nd7 15. f4 Bc5+ 16. Kh1 dxc4 17. Nxc4 Bd5 18. Be4 Bxc4 19. Qxc4 Ra7 20. f5 Nxe5 21. Bxe5 Qxe5 22. Bc6+ Ke7 23. fxe6 fxe6 24. Rde1 b5 25. Qg4 h5 26. Qh4+ g5 27. Rxe5 gxh4 28. Rxc5 Kd6 29. b4 Rc7 30. Rd1+ Ke7 31. Bf3 Rhc8 32. Rdc1 1-0

[Event "Mittelrhein Verbandsliga Ost 1314"]
[Site "Mittelrhein"]
[Date "2013.11.24"]
[Round "4.6"]
[White "Leontiev, Oleg"]
[Black "Tonnicchi, Marco"]
[Result "0-1"]
[WhiteElo "1911"]
[BlackElo "1837"]
[PlyCount "98"]
[EventDate "2013.09.15"]
[EventType "team-tourn"]
[EventRounds "11"]
[EventCountry "GER"]
[SourceTitle "EXT 2023"]
[Source "ChessBase"]
[SourceDate "2022.10.05"]
[SourceVersion "1"]
[SourceVersionDate "2022.10.05"]
[SourceQuality "1"]
[WhiteTeam "Godesberg IV"]
[BlackTeam "Bruehl II"]
[WhiteTeamCountry "GER"]
[BlackTeamCountry "GER"]

1. d4 Nf6 2. Nf3 c5 3. e3 e6 4. Bd3 b6 5. Qe2 Bb7 6. Nbd2 d6 7. b3 Be7 8. Bb2 Nbd7 9. 0-0 Qc7 10. c4 0-0 11. Rad1 Rfe8 12. e4 e5 13. d5 Nf8 14. g3 Bc8 15. Kg2 Ng6 16. Bc1 Bd7 17. Nb1 Qc8 18. Ng1 h6 19. Rde1 Nh7 20. Nc3 Ng5 21. f4 exf4 22. gxf4 Nh3 23. e5 Bh4 24. Bxg6 Bxe1 25. Bxf7+ Kxf7 26. Ne4 Kg8 27. Nxd6 Nxg1 28. Kxg1 Qd8 29. Nxe8 Bc3 30. Nd6 Bh3 31. Rf2 Qh4 32. Be3 Rf8 33. Kh1 Bg4 34. Qf1 Be1 35. Rc2 Bh3 36. Qe2 Bg4 37. Qg2 Bh3 38. Qf3 Bg4 39. Qe4 Qh3 40. Kg1 Bf3 41. Qd3 Qg4+ 42. Kf1 Bh4 43. Qd2 Bg2+ 44. Kg1 Bxd5+ 45. Kf1 Bg2+ 46. Kg1 Be4+ 47. Kf1 Qf3+ 48. Bf2 Bxc2 49. Qxc2 Rxf4 0-1

[Event "Cologne Longerich op-A 10th"]
[Site "Cologne"]
[Date "2013.07.22"]
[Round "5"]
[White "Pick, Stefan"]
[Black "Leontiev, Oleg"]
[Result "1/2-1/2"]
[WhiteElo "2159"]
[BlackElo "1892"]
[PlyCount "59"]
[EventDate "2013.07.19"]
[EventType "tourn"]
[EventRounds "5"]
[EventCountry "GER"]
[SourceTitle "EXT 2017"]
[Source "ChessBase"]
[SourceDate "2016.10.25"]
[SourceVersion "1"]
[SourceVersionDate "2016.10.25"]
[SourceQuality "1"]

1. d4 Nf6 2. Nf3 d5 3. Bg5 c6 4. Nbd2 Nbd7 5. e3 e6 6. Bd3 Bd6 7. Qe2 Qc7 8. c3 0-0 9. 0-0-0 c5 10. Kb1 c4 11. Bc2 b5 12. e4 dxe4 13. Nxe4 Nd5 14. Nxd6 Qxd6 15. Ne5 N7f6 16. Bxf6 Nxf6 17. g4 Bb7 18. Rhg1 g6 19. Rg3 Kg7 20. f4 Bd5 21. Rh3 Rh8 22. g5 Ng8 23. Rg3 Rc8 24. h4 b4 25. Be4 a5 26. h5 Ne7 27. h6+ Kf8 28. Bxd5 Qxd5 29. Qf3 Rc7 30. Qxd5 1/2-1/2

[Event "Cologne Longerich op-A 10th"]
[Site "Cologne"]
[Date "2013.07.20"]
[Round "3"]
[White "Speck, Stefan"]
[Black "Leontiev, Oleg"]
[Result "1/2-1/2"]
[WhiteElo "1998"]
[BlackElo "1892"]
[PlyCount "85"]
[EventDate "2013.07.19"]
[EventType "tourn"]
[EventRounds "5"]
[EventCountry "GER"]
[SourceTitle "EXT 2017"]
[Source "ChessBase"]
[SourceDate "2016.10.25"]
[SourceVersion "1"]
[SourceVersionDate "2016.10.25"]
[SourceQuality "1"]

1. d4 Nf6 2. c4 e6 3. Nc3 d5 4. Nf3 c6 5. e3 Nbd7 6. Bd3 dxc4 7. Bxc4 b5 8. Bb3 b4 9. Ne2 Bd6 10. Ng3 Ba6 11. Nd2 0-0 12. Bc4 Qb6 13. Qe2 Bb7 14. Bd3 Qc7 15. Nc4 Be7 16. e4 e5 17. Nf5 Rfe8 18. dxe5 Nxe5 19. Nxe5 Qxe5 20. f4 Qc7 21. 0-0 Bf8 22. Qc2 g6 23. Ne3 c5 24. e5 Nd5 25. Nc4 Nb6 26. b3 Nxc4 27. Bxc4 Rad8 28. Bb2 Bd5 29. Rad1 Bxc4 30. Qxc4 Rxd1 31. Rxd1 Rd8 32. Rd5 Be7 33. Qd3 Rxd5 34. Qxd5 Qd8 35. Qxd8+ Bxd8 36. Kf1 Kf8 37. Ke2 Ke7 38. Kd3 Kd7 39. Kc4 Kc6 40. g4 Bh4 41. Bc1 Bf2 42. Bd2 a5 43. h3 1/2-1/2

[Event "Maastricht Limburg op-B 7th"]
[Site "Maastricht"]
[Date "2013.05.18"]
[Round "2"]
[White "Leontiev, Oleg"]
[Black "Blijlevens, Pim"]
[Result "1-0"]
[WhiteElo "1876"]
[BlackElo "1932"]
[PlyCount "111"]
[EventDate "2013.05.17"]
[EventType "swiss"]
[EventRounds "7"]
[EventCountry "NED"]
[SourceTitle "EXT 2014"]
[Source "ChessBase"]
[SourceDate "2013.11.20"]
[SourceVersion "1"]
[SourceVersionDate "2013.11.20"]
[SourceQuality "1"]

1. Nf3 d6 2. d4 f5 3. c4 g6 4. Nc3 Nf6 5. g3 Bg7 6. Bg2 0-0 7. 0-0 Nc6 8. e3 a6 9. a3 Qe8 10. Qc2 e5 11. d5 Ne7 12. e4 h6 13. b4 g5 14. Nd2 fxe4 15. Ndxe4 Bf5 16. Nxf6+ Bxf6 17. Ne4 Qd7 18. Qe2 Bg4 19. f3 Bh5 20. Bb2 Bg7 21. Rad1 Rae8 22. c5 g4 23. fxg4 Bxg4 24. Bf3 Rxf3 25. Rxf3 Bxf3 26. Qxf3 Rf8 27. Qe2 Nf5 28. cxd6 cxd6 29. Rf1 Qd8 30. Kh1 Nd4 31. Bxd4 exd4 32. Rxf8+ Qxf8 33. Nd2 Qf5 34. Qe8+ Kh7 35. Qe4 Kg6 36. Qe8+ Kg5 37. Qe7+ Bf6 38. Qxd6 Be5 39. Qe7+ Bf6 40. Qd6 Be5 41. Qe7+ Bf6 42. Ne4+ Kg6 43. Qxf6+ Qxf6 44. Nxf6 Kxf6 45. Kg1 Ke5 46. Kf2 Kxd5 47. Ke2 Ke4 48. a4 b6 49. a5 b5 50. g4 d3+ 51. Kd2 Kf4 52. Kxd3 Kxg4 53. Kd4 h5 54. Kc5 Kh3 55. Kb6 Kxh2 56. Kxa6 1-0